000 00273nam a22001337a 4500
008 170307b xxu||||| |||| 00| 0 eng d
020 _a07490712
041 _aeng
080 _a611
100 _a6
101 _aSHM
245 _aHAND CLINICS
_cRUBY, L.K
942 _2udc
_cBK
999 _c7011
_d7011